Để xây dựng chiến lược marketing hiệu quả : ( Bí quyết xây dựng chiến lược marketing hiệu quả )

Sách giới thiệu cho độc giả biết chiến lược marketing là gì và các tố quyết định thành công trong marketing. Với nhiều ví dụ cụ thể sách giúp cho chúng ta hiểu rõ hơn về những quy tắc, những lỗi thường gặp trong marketing hay lập kế hoạc...

Descrizione completa

Salvato in:
Dettagli Bibliografici
Autore principale: Nevision, John
Natura: Libro
Lingua:Undetermined
Pubblicazione: Hà Nội Lao động - Xã hội 2007
Soggetti:
Tags: Aggiungi Tag
Nessun Tag, puoi essere il primo ad aggiungerne! !
Thư viện lưu trữ: Trung tâm Học liệu Trường Đại học Cần Thơ
LEADER 01187nam a2200229Ia 4500
001 CTU_129358
008 210402s9999 xx 000 0 und d
020 |c 22000 
082 |a 658.802 
082 |b N528 
100 |a Nevision, John 
245 0 |a Để xây dựng chiến lược marketing hiệu quả : 
245 0 |b ( Bí quyết xây dựng chiến lược marketing hiệu quả ) 
245 0 |c John Nevision ; Người dịch: Phương Mai 
260 |a Hà Nội 
260 |b Lao động - Xã hội 
260 |c 2007 
520 |a Sách giới thiệu cho độc giả biết chiến lược marketing là gì và các tố quyết định thành công trong marketing. Với nhiều ví dụ cụ thể sách giúp cho chúng ta hiểu rõ hơn về những quy tắc, những lỗi thường gặp trong marketing hay lập kế hoạch marketing... 
650 |a Marketing,Business planning,Tiếp thị,Chiến lược marketing 
650 |x Management,Quảng trị kinh doanh 
904 |i Giang 
980 |a Trung tâm Học liệu Trường Đại học Cần Thơ